The Practice of system and network administration/ (Record no. 217)

MARC details
000 -LEADER
Fixed length control field 00506nam a2200181 4500
003 - CONTROL NUMBER IDENTIFIER
Control field SEACOMEC
005 - DATE AND TIME OF LATEST TRANSACTION
Control field 20240905133207.0
008 - FIXED-LENGTH DATA ELEMENTS--GENERAL INFORMATION
Fixed length control field 231013b |||||||| |||| 00| 0 eng d
022 ## - INTERNATIONAL STANDARD SERIAL NUMBER / ISSN
Price Rs. 395.00
040 ## - CATALOGING SOURCE
Original cataloging agency SEACOMEC
082 ## - DEWEY DECIMAL CLASSIFICATION NUMBER
Classification number 004.65
Book Number LIM
100 1# - MAIN ENTRY--PERSONAL NAME
Personal name Limoncelli, Thomas A.
245 14 - TITLE STATEMENT
Title The Practice of system and network administration/
Statement of responsibility Thomas A. Limoncelli and Christine Hogan
260 ## - IMPRINT
Place of publication Delhi
Name of publisher Pearson
Date of publication 2003
650 ## - SUBJECT ADDED ENTRY--TOPICAL TERM
Topical term Computer science
700 1# - ADDED ENTRY--PERSONAL NAME
Personal name Hogan, Christine
942 ## - ADDED ENTRY ELEMENTS (KOHA)
Koha item type Books
Holdings
Withdrawn status Lost status Source of classification Damaged status Not for loan Home library Current library Date acquired Total Checkouts Call number Accession number Date last seen Price effective from Koha item type
    Dewey Decimal Classification     SEACOM ENGINEERING COLLEGE SEACOM ENGINEERING COLLEGE 01/06/2006   004.65 LIM 00145 13/10/2023 13/10/2023 Books
    Dewey Decimal Classification     SEACOM ENGINEERING COLLEGE SEACOM ENGINEERING COLLEGE 01/06/2006   004.65 LIM 00146 13/10/2023 13/10/2023 Books
    Dewey Decimal Classification     SEACOM ENGINEERING COLLEGE SEACOM ENGINEERING COLLEGE 01/06/2006   004.65 LIM 00147 13/10/2023 13/10/2023 Books
    Dewey Decimal Classification     SEACOM ENGINEERING COLLEGE SEACOM ENGINEERING COLLEGE 01/06/2006   004.65 LIM 00148 13/10/2023 13/10/2023 Books
    Dewey Decimal Classification     SEACOM ENGINEERING COLLEGE SEACOM ENGINEERING COLLEGE 01/06/2006   004.65 LIM 00149 13/10/2023 13/10/2023 Books
© Seacom Engineering College, All rights reserved.      Powered by Koha